| 000 | 00336nam a22001457a 4500 | ||
|---|---|---|---|
| 003 | SGT | ||
| 082 |
_a611 _bG16S |
||
| 100 | _aSTANDRING, SUSAN | ||
| 245 | _aGRAY'S ANATOMY THE ANATOMICAL BASIS OF CLINICAL PRACTICE | ||
| 250 | _a41 | ||
| 260 |
_aINDIA _bELSEVIER _c2016 |
||
| 300 | _a1562 | ||
| 650 | _aANATOMY | ||
| 942 |
_2ddc _cBK _01 |
||
| 999 |
_c10546 _d10546 |
||